|
|
|
|
| LEADER |
00000cam a2200000 i 4500 |
| 001 |
1/3788 |
| 008 |
100128s1995 gr | ||| |||| ||gre|| |
| 020 |
|
|
|a 9609008402
|
| 035 |
|
|
|l 10106501
|
| 040 |
|
|
|a GR-MyUA
|b gre
|e AACR2
|
| 041 |
0 |
|
|a gre
|
| 082 |
0 |
|
|a 610.1
|2 (22)
|
| 100 |
1 |
|
|a Ευτυχιάδης, Αριστοτέλης Χ.,
|d 1940-
|
| 245 |
1 |
0 |
|a Φύση και πνεύμα :
|b συμβολή στην ιατρικο-φιλοσοφική σκέψη /
|c Αριστοτέλους Χρ. Ευτυχιάδου.
|
| 260 |
|
|
|a Αθήνα :
|b [χ.ό],
|c 1995.
|
| 300 |
|
|
|a 309 σ. :
|b εικ. ;
|c 24 εκ.
|
| 650 |
0 |
0 |
|a Medicine
|x Philosophy.
|
| 852 |
|
|
|a INST
|b SAMOS
|e 20100128
|h 610.1 ΕΥΤ
|p 005300030740
|q 005300030740
|t BK
|y 0
|
| 901 |
|
|
|a BIBL3-2010-1
|
| 909 |
|
|
|a Σ
|b 158660
|
| 970 |
|
|
|a ΣΙΤΖΙΜΗ
|b ΓΙΑΣΕΜΗ
|z 2010/01/28
|